|
|
|
|
| LEADER |
03776nam a22005775i 4500 |
| 001 |
978-3-540-34028-7 |
| 003 |
DE-He213 |
| 005 |
20170118225225.0 |
| 007 |
cr nn 008mamaa |
| 008 |
100301s2006 gw | s |||| 0|eng d |
| 020 |
|
|
|a 9783540340287
|9 978-3-540-34028-7
|
| 024 |
7 |
|
|a 10.1007/11751069
|2 doi
|
| 040 |
|
|
|d GrThAP
|
| 050 |
|
4 |
|a QA75.5-76.95
|
| 072 |
|
7 |
|a UNH
|2 bicssc
|
| 072 |
|
7 |
|a UND
|2 bicssc
|
| 072 |
|
7 |
|a COM030000
|2 bisacsh
|
| 082 |
0 |
4 |
|a 025.04
|2 23
|
| 245 |
1 |
0 |
|a Computer Music Modeling and Retrieval
|h [electronic resource] :
|b Third International Symposium, CMMR 2005, Pisa, Italy, September 26-28, 2005. Revised Papers /
|c edited by Richard Kronland-Martinet, Thierry Voinier, Sølvi Ystad.
|
| 264 |
|
1 |
|a Berlin, Heidelberg :
|b Springer Berlin Heidelberg :
|b Imprint: Springer,
|c 2006.
|
| 300 |
|
|
|a XII, 280 p.
|b online resource.
|
| 336 |
|
|
|a text
|b txt
|2 rdacontent
|
| 337 |
|
|
|a computer
|b c
|2 rdamedia
|
| 338 |
|
|
|a online resource
|b cr
|2 rdacarrier
|
| 347 |
|
|
|a text file
|b PDF
|2 rda
|
| 490 |
1 |
|
|a Lecture Notes in Computer Science,
|x 0302-9743 ;
|v 3902
|
| 505 |
0 |
|
|a Dynamic Simulation of Note Transitions in Reed Instruments: Application to the Clarinet and the Saxophone -- The BRASS Project, from Physical Models to Virtual Musical Instruments: Playability Issues -- The pureCMusic (pCM++) Framework as Open-Source Music Language -- Timbre Variations as an Attribute of Naturalness in Clarinet Play -- Scoregram: Displaying Gross Timbre Information from a Score -- A Possible Model for Predicting Listeners’ Emotional Engagement -- About the Determination of Key of a Musical Excerpt -- An Interactive Musical Exhibit Based on Infrared Sensors -- Metris: A Game Environment for Music Performance -- Strategies for the Control of Microsound Synthesis Within the “GMU” Project -- Building Low-Cost Music Controllers -- Evaluation of Sensors as Input Devices for Computer Music Interfaces -- Aspects of the Multiple Musical Gestures -- Gran Cassa and the Adaptive Instrument Feed-Drum -- Generating and Modifying Melody Using Editable Noise Function -- Unifying Performer and Accompaniment -- Recognizing Chords with EDS: Part One -- Improving Prototypical Artist Detection by Penalizing Exorbitant Popularity -- Music Analysis and Modeling Through Petri Nets -- A Review on Techniques for the Extraction of Transients in Musical Signals -- Dimensionality Reduction in Harmonic Modeling for Music Information Retrieval -- Abstracting Musical Queries: Towards a Musicologist’s Workbench -- An Editor for Lute Tablature -- Interdisciplinarity and Computer Music Modeling and Information Retrieval: When Will the Humanities Get into the Act?.
|
| 650 |
|
0 |
|a Computer science.
|
| 650 |
|
0 |
|a Special purpose computers.
|
| 650 |
|
0 |
|a Database management.
|
| 650 |
|
0 |
|a Information storage and retrieval.
|
| 650 |
|
0 |
|a Multimedia information systems.
|
| 650 |
|
0 |
|a Artificial intelligence.
|
| 650 |
1 |
4 |
|a Computer Science.
|
| 650 |
2 |
4 |
|a Information Storage and Retrieval.
|
| 650 |
2 |
4 |
|a Information Systems Applications (incl. Internet).
|
| 650 |
2 |
4 |
|a Multimedia Information Systems.
|
| 650 |
2 |
4 |
|a Database Management.
|
| 650 |
2 |
4 |
|a Artificial Intelligence (incl. Robotics).
|
| 650 |
2 |
4 |
|a Special Purpose and Application-Based Systems.
|
| 700 |
1 |
|
|a Kronland-Martinet, Richard.
|e editor.
|
| 700 |
1 |
|
|a Voinier, Thierry.
|e editor.
|
| 700 |
1 |
|
|a Ystad, Sølvi.
|e editor.
|
| 710 |
2 |
|
|a SpringerLink (Online service)
|
| 773 |
0 |
|
|t Springer eBooks
|
| 776 |
0 |
8 |
|i Printed edition:
|z 9783540340270
|
| 830 |
|
0 |
|a Lecture Notes in Computer Science,
|x 0302-9743 ;
|v 3902
|
| 856 |
4 |
0 |
|u http://dx.doi.org/10.1007/11751069
|z Full Text via HEAL-Link
|
| 912 |
|
|
|a ZDB-2-SCS
|
| 912 |
|
|
|a ZDB-2-LNC
|
| 950 |
|
|
|a Computer Science (Springer-11645)
|